Programa L y C: leer y comprender
Salvato in:
| Autori principali: | , , |
|---|---|
| Altri autori: | , |
| Natura: | Libro |
| Lingua: | spagnolo |
| Pubblicazione: |
Santiago
Andrés Bello
1998
|
| Edizione: | 2a. ed |
| Soggetti: | |
| Tags: |
Aggiungi Tag
Nessun Tag, puoi essere il primo ad aggiungerne!!
|
MARC
| LEADER | 00000nam a2200000 a 4500 | ||
|---|---|---|---|
| 001 | UCN2819 | ||
| 003 | CL-VaPUC | ||
| 008 | 010608e19980000CL |||||||||||||||||spa|d | ||
| 082 | 0 | 4 | |a 372.41 |b PER |2 21 |
| 100 | |a Peronard Thierry, Marianne |e autora |9 781268 | ||
| 700 | |a Gómez Macker, Luis Adolfo |e autor |9 492261 | ||
| 700 | |a Parodi Sweis, Giovanni Emmanuel |e autor |9 783477 | ||
| 700 | 0 | |a Núñez Lagos, Paulina |e author |9 459015 | |
| 700 | |a González Muñoz, Juan Manuel |e author |9 749563 | ||
| 245 | 1 | 0 | |a Programa L y C: leer y comprender |
| 250 | |a 2a. ed | ||
| 300 | |a v | ||
| 942 | |c BK | ||
| 945 | |d 20010608 00:00:00 |a vberengu | ||
| 260 | |a Santiago |b Andrés Bello |c 1998 | ||
| 650 | 0 | |a Enseñanza de la lectura |9 308364 | |
| 650 | 0 | |a Enseñanza de la escritura |9 307377 | |
| 650 | 0 | |a Educación básica |9 224933 | |
| 650 | 0 | |a Comprensión de lectura |9 307588 | |
| 583 | |a last modification |c 20010608 00:00:00 |k Rodrigo Vera | ||
| 999 | |c 295850 |d 295848 | ||
| 952 | |0 0 |1 0 |4 0 |6 372_410000000000000_PER_1998 |7 0 |8 A |9 349236 |a FDOPOS |b FDOPOS |d 2019-11-20 |h v.2 |i 3732002 |o 372.41 PER 1998 |p 3732002 |r 2025-01-22 |w 2019-11-20 |y BK |k MLA | ||